Nové a pevné kurzy

Stanovenie fixných prepočítacích koeficientov medzi eurom a jedenástimi menami členských krajín EMU, základné kroky. Praktický príklad výpočtu fixných prepočítacích koeficientov.

Salvato in:
Dettagli Bibliografici
Autore principale: Šilha, Roman
Natura: Capitolo di libro
Lingua:ceco
Soggetti:
Tags: Aggiungi Tag
Nessun Tag, puoi essere il primo ad aggiungerne!!

MARC

LEADER 00000naa a2200000 4500
001 r033799
005 20230920095208.3
041 0 |a cze 
044 |a CZ 
245 1 0 |a Nové a pevné kurzy  |c Roman Šilha 
520 |a Stanovenie fixných prepočítacích koeficientov medzi eurom a jedenástimi menami členských krajín EMU, základné kroky. Praktický príklad výpočtu fixných prepočítacích koeficientov. 
610 2 0 |a euro 
610 2 0 |a mena 
610 2 0 |a kurz výmenný 
610 2 0 |a únie menové 
610 2 0 |a konvertibilita 
610 2 0 |a banky 
100 1 |a Šilha, Roman